书目信息 |
| 题名: |
代数与初等函数
|
|
| 作者: | 王国梁 编 | |
| 分册: | 上册 | |
| 出版信息: | 南昌 江西人民出版社 1980 |
|
| 页数: | 460页 | |
| 开本: | 19cm | |
| 丛书名: | ||
| 单 册: | ||
| 中图分类: | O12 , O122 | |
| 科图分类: | ||
| 主题词: | 初等函数--高等师范教育--教材 , 初等数学 , 初等代数--高等师范教育--教材 | |
| 电子资源: | ||
| ISBN: | ||
| 000 | 00764nam0 2200277 45 | |
| 001 | 0180005365 | |
| 005 | 20060801083949.75 | |
| 010 | @dCNY1.10 | |
| 091 | @a7110.235 | |
| 100 | @a19950426d1980 demy0chiy0121 ea | |
| 101 | 0 | @achi |
| 102 | @aCN@b360000 | |
| 105 | @ay z 000yy | |
| 200 | 10 | @a代数与初等函数@Adai shu yu chu deng han shu@h上册@f王国梁等编 |
| 210 | @a南昌@c江西人民出版社@d1980 | |
| 215 | @a460页@d19cm | |
| 300 | @a上海市中学教师进修教材 | |
| 606 | @a初等函数@x高等师范教育@x教材 | |
| 606 | 0 | @a初等数学 |
| 606 | @a初等代数@x高等师范教育@x教材 | |
| 690 | @aO12 | |
| 690 | @aO122@v3 | |
| 701 | 0 | @a王国梁@Awang guo liang@4编 |
| 801 | 2 | @aCN@bNLC@c20060801 |
| 801 | 0 | @aCN@b上海图书馆@c20040519 |
| 905 | @f4@b147066-069@dO12@e31:1 | |
| 代数与初等函数.上册/王国梁等编.-南昌:江西人民出版社,1980 |
| 460页;19cm |
| 上海市中学教师进修教材 |
| ISBN :CNY1.10 |
| ● |
| 相关链接 |
|
|
|
|
正题名:代数与初等函数
索取号:O12/31:1
 
预约/预借
| 序号 | 登录号 | 条形码 | 馆藏地/架位号 | 状态 | 备注 |
| 1 | 0147066 | 001246333 | 第三借阅区/ [索取号:O12/31:1] | 在馆 | |
| 2 | 0147067 | 001246397 | 第三借阅区/ [索取号:O12/31:1] | 在馆 | |
| 3 | 0147068 | 001246388 | 第三借阅区/ [索取号:O12/31:1] | 在馆 | |
| 4 | 0147069 | 001246404 | 第三借阅区/ [索取号:O12/31:1] | 在馆 | |
| 5 | 0147070 | 202093331 | 第二样本阅览室/ [索取号:O12/31:1] | 在馆 | |
| 6 | 0442535 | 204425354 | 密集书库/ [索取号:O12/31:1] | 在馆 |